000 00710nam a2200241 a 4500
001 74512
003 BD-RjUL
005 20211209082549.0
008 181010r20151983ii |||| b||| 000 0 eng d
020 _a9788173814204
035 _a(BD-RjUL)74730
040 _aBD-RjUL
_beng
_cBD-RjUL
041 _aeng
082 _223
_a934
_bCHH 2015
100 _aChaudhuri, Kiran Chandra
_9223581
245 _aHistory of ancient india /
_cKiran Chandra Chaudhuri
260 _aNew Delhi :
_bNew Central Book Agency,
_c1983 [Reprinted 2015]
300 _ax, 452 p. ;
_c21 cm.
504 _aIncludes bibliography
651 _aIndia
_xHistory.
_9223582
651 _aIndia
_xCivilization.
_9223583
942 _2ddc
_cBK
999 _c74512
_d74512